000 00511nam a2200145 a 4500
008 120416s0000 ||||||||||||||||| || u
020 _a0070398496
050 _aTK 7888.3 Mal
100 _aMalvino, Albert Paul
245 1 0 _aDigital principles and applications
260 _aNew York
_bMcGraw-Hill
_c1969
300 _aix, 433p. : ill
350 _a0.00
995 _D0.00
_FCBU-MAIN LIBRARY (Kitwe)
_H1
_I4.00
_UAVAILABLE
_ZAnnex Low-Usage Collection
999 _c40183
_d40183